000 00399nam a2200157Ia 4500
003 GCL
008 140319s9999 xx 000 0 eng d
040 _aGCL /
_cGCL
082 0 4 _a909
_bM H
100 1 _aMIQUEL, PIERRE
245 1 0 _aHISTOIRE DU MONDE CONTEMPORAIN 1945 - 1991 /
_cMIQUEL, PIERRE
260 _a[S.N] :
_bFAYARD ،
_c1988
300 _a657 P
650 0 4 _aHISTORY
942 _2ddc
_cBK
999 _c21902
_d21902